Entorno laboral español lengua extranjera
Salvato in:
| Autore principale: | |
|---|---|
| Altri autori: | |
| Natura: | Libro |
| Lingua: | spagnolo |
| Pubblicazione: |
Madrid
Edelsa Grupo Didascalia
2013
|
| Soggetti: | |
| Tags: |
Nessun Tag, puoi essere il primo ad aggiungerne!!
|
MARC
| LEADER | 00000nam a2200000 4500 | ||
|---|---|---|---|
| 001 | 0237005 | ||
| 005 | 20221107100904.4 | ||
| 020 | |a 978-84-7711-779-7 | ||
| 041 | 0 | |a spa | |
| 044 | |a ES | ||
| 245 | 1 | 0 | |a Entorno laboral |b español lengua extranjera |c Marisa de Prada, Pilar Marcé |
| 264 | 1 | |a Madrid |b Edelsa Grupo Didascalia |c 2013 | |
| 300 | |a 191 s. |e CD-ROM | ||
| 610 | 2 | 0 | |a španielčina |
| 610 | 2 | 0 | |a zásoba slovná |
| 610 | 2 | 0 | |a gramatika |
| 610 | 2 | 0 | |a jazyky cudzie |
| 610 | 2 | 0 | |a konverzácia |
| 610 | 2 | 0 | |a výslovnosť |
| 610 | 2 | 0 | |a Španielsko |
| 610 | 2 | 0 | |a kultúra |
| 610 | 2 | 0 | |a reálie |
| 100 | 1 | |a de Prada, Marisa | |
| 700 | 1 | |a Marcé, Pilar | |